Word Ladder: Woodsy's Words Quiz Stats

Quiz Updated Jun 24, 2016

Challenge
Share
Tweet
Embed
Score 0/28 Timer 03:00
1 Play Today
Clue 4-Letter Word % Correct
Home for beesHIVE
99.1%
Peter Pan nemesis: Captain ___HOOK
98.2%
12 inchesFOOT
98.2%
♲ Owl sound ♲♲HOOT♲
98.1%
To discover something lostFIND
97.3%
To evade detection or animal skinHIDE
97.2%
2009 Sandra Bullock movie 'The Blind ___'SIDE
97.1%
Use a car hornHONK
96.7%
♲ Journey's '___ Stop Believin' ♲♲DON'T♲
96.7%
EdiblesFOOD
96.6%
Finished or completeDONE
96.5%
A small mountainHILL
95%
Trigonometric function SINE
94.6%
A survey of public opinionPOLL
94.2%
Clue 4-Letter Word % Correct
Affectionate or lovingFOND
94.1%
A person from WarsawPOLE
93.7%
♲ To drag toward one's self ♲♲PULL♲
93.5%
1996 Presidential candidate BobDOLE
93.3%
Affirmative or something of esteemed qualityFINE
92.9%
♲ Hand over or lend to another person ♲♲GIVE (a)♲
92.7%
An assembly of items, usually written downLIST
92.1%
Missing, or a Matthew Fox showLOST
91.3%
Hockey legends Bobby or BrettHULL
90.4%
♲ Stolen money or treasure ♲♲LOOT♲
89%
The handle of a swordHILT
88.2%
Stevie Wonder song: 'They ___ Go When I Go'WON'T
86.6%
To sing cheerfully and quicklyLILT
85.1%
An obsessive expert, e.g. policy WONK
82.9%

Today's Daily Dose

You're not logged in!

Compare scores with friends on all Sporcle quizzes.
Sign Up with Email
OR
Log In

You Might Also Like...

Show Comments

Extras

Top Quizzes Today


Score Distribution

Your Account Isn't Verified!

In order to create a playlist on Sporcle, you need to verify the email address you used during registration. Go to your Sporcle Settings to finish the process.